00533 a2200181 45000050016000000080041000160100014000570200023000710350013000940370015001070820013001221000018001352450070001532600038002232700043002613000025003045000022003292008091708068.0080917t xxu||||| |||| 00| 0 eng d aENG-87789 a8173715785c195.00 aEN-71322 bDBAD / PUB a574.0724 aGangal, Sudha aPrinciples and practice of animal tissue culturecby Sudha Gangal aHyderabadbUniversity Pressc2007 a3-5-819, HydergudabHyderabade500 029 a230 p.c24 cm (Pbk.) aincludes appendix